Lộc đỉnh ký

Uloženo v:
Podrobná bibliografie
Hlavní autor: Kim Dung
Médium: Kniha
Jazyk:Undetermined
Vydáno: Hà Nội Văn học 2002
Témata:
Tagy: Přidat tag
Žádné tagy, Buďte první, kdo otaguje tento záznam!
Thư viện lưu trữ: Trung tâm Học liệu Trường Đại học Cần Thơ
LEADER 00483nam a2200193Ia 4500
001 CTU_64808
008 210402s9999 xx 000 0 und d
020 |c 65000 
082 |a 895.13 
082 |b K310/T.2 
100 |a Kim Dung 
245 0 |a Lộc đỉnh ký 
245 0 |c Kim Dung 
260 |a Hà Nội 
260 |b Văn học 
260 |c 2002 
650 |a Chinese fiction 
904 |i TUYẾN,Hải 
980 |a Trung tâm Học liệu Trường Đại học Cần Thơ